• 首页
  • 本馆介绍
  • 公告通知
  • 最新文献
  • 馆藏检索
  • 电子资源
  • 读者导购
  • 参考咨询
  • 我的图书馆
  • 登录
  • 详细信息显示
  • 放入我的书架
  • 预约/预借图书
  • 作者相关作品
  • 分类相关作品
  • 丛书相关作品
  • 出版社相关作品

书目信息

  • 表格格式
  • 工作单格式
  • 卡片格式
书名: Atlas advanced
作者: geographical editor J. Wreford Watson.
分册号:
分册名:
出版地: London :
 
出版社: Collins, Longmans
出版时间: 1995.
页数: 371 p. ;
开本: 29 cm.
丛书名:
中图分类号:
科图分类号:
其他分类号: K971.2
主题词:
电子资源:
000 01049nem a2200349 450
001 E0731090976
005 20070505084026.59
007 ad canzn
008 701216s1995 e eng
010    @a71654009
015    @aB68-19005
035    @A(DLC) 71654009
040    @aDLC@cDLC@dDLC
043    @ae-uk---
050 00 @aG1019@b.R212 1968
082 00 @a912
090    @aK971.2
099    @dK971.2@ex34=19
110 2  @aRand McNally and Company.
245 10 @aAtlas advanced / @cgeographical editor J. Wreford Watson.
250    @a19th ed.
260    @aLondon :@bCollins, Longmans,@c1995.
300    @a371 p. ;@c29 cm.
350    @a48/-
500    @aBased largely on Goode’s world atlas.
650  0 @aAtlases, British.
700 1  @aWatson, J. Wreford@q(James Wreford),@d1915-
710 2  @aWilliam Collins Sons and Co.
710 2  @aRand McNally and Company.@tGoode’s world atlas.
906    @a7@bcbc@corignew@d3@encip@f19@gy-geogmaps
985    @eATLAS MIG
991    @bc-GenColl@hG1019@i.R212 1968@tCopy 1@wBOOKS
    
    Atlas advanced / / geographical editor J. Wreford Watson.-19th ed.-London : : Collins, Longmans, , 1995.
    371 p. ; ; 29 cm.
    Based largely on Goode’s world atlas.
    
    ISBN
    
●
相关链接 在E读中查询图书 在五车中查询图书 在当当中查询图书 在豆瓣中查询图书


正题名:Atlas advanced     索取号:K971.2/x34=19         预约/预借

序号 登录号 条形码 馆藏地/架位号 状态 备注
1 6078   300060788   第二样本阅览室/ [索取号:K971.2/x34=19] 在馆    
唐山师范学院图书馆 欢迎您!
大连网信软件有限公司© 版权所有